000 00740nam a2200217Ia 4500
005 20241129111017.0
008 241129s9999||||xx |||||||||||||| ||und||
037 _aTB
040 _aCRL
_bhin
_cCRL
041 _ahin
_2hin
084 _aO168,1xN47 152P5
_qCRL
100 _aहन्फी, शमीम, ले.
245 0 _aआजादी के बाद उर्दू नज्म
_cहन्फी, शमीम, ले.
260 _aनई दिल्ली, भारत
_bएन. सी. पी. यू. एल.
_c2005
300 _a756पृ0
365 _aINR
_b384
546 _aTranslated from Urdu to Hindi
650 _aUrdu Poetry
942 _cTB
_hO168,1xN47 152P5
999 _c1228523
_d1228523